Équipe de France au mondial 2022 - Statistiques

Statistiques générales
  • Ce quiz a été pris 339 fois
  • Le résultat moyen est 23 sur 28
Statistiques - réponses
Poste Joueur % Correct
G Hugo Lloris
99%
A Kyllian Mbappé
98%
A Antoine Griezmann
96%
D Lucas Hernandez
95%
D Théo Hernandez
95%
A Olivier Giroud
93%
G Steve Mandanda
92%
D Benjamin Pavard
91%
Forfait Karim Benzema
91%
G Alphonse Aréola
89%
A Ousmane Dembélé
87%
D Raphaël Varane
86%
D Dayot Upamecano
85%
M Adrien Rabiot
82%
M Aurélien Tchouaméni
82%
D Jules Koundé
79%
D Ibrahima Konaté
76%
A Randal Kolo Muani
76%
A Kingsley Coman
75%
M Eduardo Camavinga
74%
A Marcus Thuram
74%
M Mattéo Guendouzi
70%
M Jordan Veretout
69%
M Youssouf Fofana
67%
Forfait Christopher Nkunku
65%
Forfait Presnel Kimpembé
59%
D William Saliba
57%
D Axel Disasi
48%
Aucun quiz correspondant
Distribution des résultats
% des personnes avec chaque résultat
Percentile par nombre de réponses
Votre historique - résultats
Vous n’avez pas pris ce quiz